000 00476nam a2200181Ia 4500
008 100920s9999 xx 000 0 und d
082 _b99583
_a4 न 06
100 _aSHARMA ROBIN.
245 _aLEADERSHIP WISDOM.
260 _bJAICO PUBLISHING HOUSE.DELHI.
_c2006
300 _a254
_bसाधी
365 _b195
520 _aई. एल.डी.
630 _aLEADERSHIP WISDOM.
650 _aई. एल.डी.
730 _aLEADERSHIP WISDOM.
942 _cBOOK
999 _c740021
_d740018